| 000 | 00859nam a22002417a 4500 | ||
|---|---|---|---|
| 003 | OSt | ||
| 005 | 20250712021022.0 | ||
| 008 | 250712b |||||||| |||| 00| 0 eng d | ||
| 020 | _a9781975207359 | ||
| 040 |
_aDWCL-Main Lib _cOC |
||
| 082 | _aCirc. 618.2 Si582m 2022 | ||
| 100 | _aSilber- Flagg, Joanne | ||
| 245 |
_aMaternal and child health nursing : _b care of the childbearing and childrearing family vol.1/ _cJoanne Silber- Flagg & Colleen E. Kennedy |
||
| 250 | _a9th edition | ||
| 260 |
_aPhiledaphia : _bWolters Kluwer Health, _cc2023. |
||
| 300 |
_avolume 1, xxxi, 1672 pages : _billustrations ; _c26cm. |
||
| 504 | _aIncludes index and appendices. | ||
| 650 | _a1. Maternal- child nursing | ||
| 650 | _a2. Family health | ||
| 650 | _a3. Holistic Nursing | ||
| 700 | _aKennedy, Colleen E. | ||
| 942 |
_2ddc _cBK-CIRC _e9th edition _kCirc. _n0 |
||
| 999 |
_c3633 _d3633 |
||